banner-ar

الجسد والاداء المسرحى / (Record no. 65169)

MARC details
000 -الفاتح
حقل البيانات ثابتة الطول 00919nam a22002417a 4500
005 - وقت وتاريخ اخر تعامل مع التسجيلة
رقم الضبط 20240530110810.0
008 - عناصر البيانات ثابتة الطول - معلومات عامة
حقل البيانات ثابتة الطول 190421s2007 ua a f 000 0dara d
017 ## - رقم الايداع القانونى
رقم الايداع القانونى 2007/25479
المصدر ( الهيئة المختصة) مصر . دار الكتب
020 ## - الرقم الدولى المعيارى للكتب
الرقم الدولى المعيارى للكتاب 9774375548
040 ## - مصدر الفهرسة
وكالة الفهرسة الأصلية EG-CaGPL
082 04 - رقم تصنيف ديوى العشرى
رقم الطبعة 21
رقم التصنيف 792.028/
رقم المادة ا ج
100 1# - المدخل الرئيسى - إسم شخصى
الإسم الشخصى اصلان ، اوديت
245 12 - بيان العنوان
العنوان الجسد والاداء المسرحى /
بيان المسئوليه,etc تجميع اوديت اصلان ؛ ترجمة منى صفوت ؛ مراجعة نادية كامل
رقم الجزء/قسم العمل الجزء الاول
250 ## - بيان الطبعة
بيان الطبعة ط . 1
260 ## - PUBLICATION, DISTRIBUTION, ETC. (IMPRINT)
تاريخ النشر أو التوزيع 2007
300 ## - الوصف المادى
التعداد 462 ص. :
تفاصيل ماديه اخرى للوعاء ايض. ؛
أبعاد الوعاء 24 سم.
650 07 - المدخل الاضافى بالموضوع-مصطلح موضوعى
مصطلح موضوعي الاداء المسرحى
650 07 - المدخل الاضافى بالموضوع-مصطلح موضوعى
مصطلح موضوعي تصميم الرقصات
700 0# - المدخل الاضافى - اسم شخصى
الإسم الشخصى منى صفوت
الدور ترجمة
700 0# - المدخل الاضافى - اسم شخصى
الإسم الشخصى نادية كامل
الدور مراجعة
942 ## - عناصر المدخل الإضافي( كوها)
مصدر التصنيف او مخطط الترفيف Dewey Decimal Classification
Koha [default] item type كتاب
260 ## - PUBLICATION, DISTRIBUTION, ETC. (IMPRINT)
-- القاهرة :
-- مطابع المجلس الاعلى لللاثار ،
Holdings
حالة التراجع حالة الفقد حالة تلف ليس للاعارة المكان المؤقت الموقع الحالى موقع الترفيف تاريخ الاكتساب اجمالي اﻻعارات رقم الطلب الباركود تاريخ اخر مشاهدة تاريخ تفعيل السعر نوع وعاء كوها
        مكتبة القاهرة الكبرى مكتبة القاهرة الكبرى   04/21/2019   792.028/ ا ج 165824 04/21/2019 04/21/2019 كتاب
        مكتبة القاهرة الكبرى مكتبة القاهرة الكبرى   04/21/2019   792.028/ ا ج 165826 04/21/2019 04/21/2019 كتاب

Powered By

EGPV